000 00750nam a2200289Ia 4500
005 20260324112902.0
008 008 260324s9999 xx 000 0 eng d
020 _a9781032685090
037 _aEBOOK
040 _aCRL
040 _beng
040 _cCRL
041 _2eng
041 _aeng
084 _qCRL
100 _aChristina L. Dobbs; Christine Montecillo Leider; Erin Nerlino
_91144539
245 0 _aPreparing Antiracist Teachers
245 0 _bFostering Antiracism and Equity in Teacher Preparation
260 _bTaylor and Francis
260 _c2024
365 _a
365 _b220
856 _uhttp://www.taylorfrancis.com/books/9781032685090
942 _cEBOOK
999 _c1733920
_d1733920